Normal view
MARC view
- Harwood. Douglas W.
Entry Personal Name
001 - CONTROL NUMBER
- control field: 21999
003 - CONTROL NUMBER IDENTIFIER
- control field: NUST
005 - DATE AND TIME OF LATEST TRANSACTION
- control field: 20190930113033.0
008 - FIXED-LENGTH DATA ELEMENTS
- fixed length control field: 190930|| aca||aabn | a|a d
040 ## - CATALOGING SOURCE
- Original cataloging agency: NUST
- Transcribing agency: NUST
100 ## - HEADING--PERSONAL NAME
- Personal name: Harwood. Douglas W.
670 ## - SOURCE DATA FOUND
- Source citation: Work cat.: (NUST)0: Harwood. Douglas W., Use of rumble strips to enhance safety /, 1993.
